000 00678nam a2200265Ia 4500
005 20260121170918.0
008 008 260114s9999 xx 000 0 eng d
020 _a9783030004521
037 _aEBOOK
040 _aCRL
040 _beng
040 _cCRL
041 _2eng
041 _aeng
084 _qCRL
100 _aMarguerite Ternes, Philip R. Magaletta, Marc W. Patry
_91069711
245 4 _aThe Practice of Correctional Psychology
260 _bSpringer
260 _bSpringer
260 _c2018
856 _uhttps://link.springer.com/openurl?genre=book&isbn=978-3-030-00452-1
942 _cEBOOK
999 _c1635441
_d1635441